| 000 | 01130cam a2200337 a 4500 | ||
|---|---|---|---|
| 001 | 2861543 | ||
| 003 | OSt | ||
| 005 | 20160121130431.0 | ||
| 008 | 850529s1985 cau 000 0aeng | ||
| 010 | _a 85042787 | ||
| 020 |
_a0345337808 _c$10.95 |
||
| 040 |
_aDLC _cDLC _dDLC |
||
| 050 | 0 | 0 |
_aBX 4406.5 _b.M995 1985 |
| 082 | 0 | 0 |
_aHS 922.22 _bM857 1985 |
| 100 | 0 |
_aTeresa, _cMother, _d1910-1997. _911378 |
|
| 240 | 1 | 0 |
_aMi vida por los pobres. _lEnglish |
| 245 | 1 | 0 |
_aMy life for the poor / _cMother Teresa of Calcutta ; edited by José Luis González-Balado and Janet N. Playfoot. |
| 250 | _a1st ed. | ||
| 260 |
_aSan Francisco : _bHarper & Row, _cc1985. |
||
| 300 |
_a107 p. ; _c20 cm. |
||
| 600 | 0 | 0 |
_aTeresa, _cMother, _d1910-1997. _911379 |
| 610 | 2 | 0 |
_aMissionaries of Charity _vBiography. _911380 |
| 610 | 2 | 0 |
_aCatholic Church _xCharities. _911381 |
| 650 | 0 |
_aChurch work with the poor _xCatholic Church. _911382 |
|
| 700 | 1 |
_aGonzález-Balado, José Luis. _911383 |
|
| 700 | 1 |
_aPlayfoot, Janet N. _911384 |
|
| 906 |
_a7 _bcbc _corignew _d1 _eocip _f19 _gy-gencatlg |
||
| 942 |
_2lcc _cBK |
||
| 999 |
_c8827 _d8827 |
||